00401nam a2200133Ia 450000500170000000800410001702000180005808200230007610000190009924500860011826000410020430000130024544000090025820241107101222.0240126s9999 xx 000 0 und d a9781593275990 a001.6424PYT SWE;1 aSweigart, A L. 0aAutomate the boring stuff with python : practical programming for total beginners bNo Starch pressaSan Franciscoc2015 axxi, 479 aNULL